Buteurs Real Madrid LDC 2016/2017 - Statistiques

Statistiques générales
  • Ce quiz a été pris 253 fois
  • Le résultat moyen est 9 sur 12
Statistiques - réponses
Nombre de but Buteur % Correct
12 Cristiano Ronaldo
100%
5 Karim Benzema
99%
2 Gareth Bale
97%
1 Sergio Ramos
95%
1 Toni Kroos
93%
2 Casemiro
88%
2 Raphael Varane
82%
1 Isco
80%
3 Marco Asensio
72%
1 Lucas Vazquez
48%
3 Alvaro Morata
39%
1 Mateo Kovacic
26%
Aucun quiz correspondant
Distribution des résultats
% des personnes avec chaque résultat
Percentile par nombre de réponses
Votre historique - résultats
Vous n’avez pas pris ce quiz